000 00694nam a22001937a 4500
005 20240530110628.0
008 170110s2014 ua h g 000 0 ara d
040 _aEG-CaGPL
_cEG-CaGPL
082 0 4 _221
_a291.1\
_bح د
100 0 _aحسين الشيخ
245 1 0 _aديانات :
_bالاسرار و العبادات الغامضة فى التاريخ /
_cحسين الشيخ
260 _aالاسكندرية :
_bدار المعرفة الجامعية ،
_c2014.
300 _a128 ص. :
_bصور ؛
_c24 سم.
650 0 7 _2qrmak
_aالماسونية
650 0 7 _2qrmak
_aالدين المقارن
651 _2qrmak
942 _2ddc
_cBK
999 _c63195
_d63195